LEADER 01344nam0 2200337 i 450 001 VAN0039871 005 20221206030902.501 010 $a01-985055-8-2 100 $a20051221d1999 |0itac50 ba 101 $aeng 102 $aUS 105 $a|||| ||||| 200 1 $aFortran 90/95 explained$fMichael Metcalf, John Reid 205 $a2. ed 210 $aOxford$cOxford university$d1999 215 $aXV, 341 p.$cill.$d25 cm 500 1$3VAN0250190$aFortran 90/95 explained$91423753 620 $aGB$dOxford$3VANL000020 676 $a005.262$cProgrammazione in specifici linguaggi di programmazione$v22 700 1$aMetcalf$bMichael$3VANV019725$013826 701 1$aReid$bJohn K.$3VANV035970$0727281 712 $aOxford university$3VANV107944$4650 790 1$aReid, John Ker$zReid, John K.$3VANV061234 790 1$aReid, J. K.$zReid, John K.$3VANV061236 801 $aIT$bSOL$c20221209$gRICA 856 4 $u/sebina/repository/catalogazione/documenti/docE 205~00830520221206151114.pdf$zdocE 205~00830520221206151114.pdf 899 $aBIBLIOTECA DEL DIPARTIMENTO DI INGEGNERIA$1IT-CE0100$2VAN05 912 $aVAN0039871 950 $aBIBLIOTECA DEL DIPARTIMENTO DI INGEGNERIA$d05PREST E II 205 $e05 3379 20051221 996 $aFortran 90$91423753 997 $aUNISOB LEADER 02734nam 22006254a 450 001 9910780331703321 005 20230617011330.0 010 $a1-280-17672-5 010 $a9786610176724 010 $a0-309-52778-3 035 $a(CKB)111090425020454 035 $a(EBL)3564041 035 $a(SSID)ssj0000111934 035 $a(PQKBManifestationID)12026157 035 $a(PQKBTitleCode)TC0000111934 035 $a(PQKBWorkID)10086909 035 $a(PQKB)10387103 035 $a(MiAaPQ)EBC3564041 035 $a(Au-PeEL)EBL3564041 035 $a(CaPaEBR)ebr10055644 035 $a(CaONFJC)MIL17672 035 $a(OCoLC)55636162 035 $a(EXLCZ)99111090425020454 100 $a20040223d2004 uy 0 101 0 $aeng 135 $aurcn||||||||| 181 $ctxt 182 $cc 183 $acr 200 00$aBiological confinement of genetically engineered organisms$b[electronic resource] /$fCommittee on Biological Confinement of Genetically Engineered Organisms, Board on Agriculture and Natural Resources, Board on Life Sciences, Division on Earth and Life Studies 210 $aWashington, DC $cNational Academies Press$dc2004 215 $a1 online resource (276 p.) 300 $aDescription based upon print version of record. 311 $a0-309-09085-7 320 $aIncludes bibliographical references (p. 199-234) and index. 327 $a""Front Matter""; ""Acknowledgments""; ""Preface""; ""Contents""; ""Tables, Figures, and Boxes""; ""Executive Summary""; ""1 Introduction""; ""2 When and Why to Consider Bioconfinement""; ""3 Bioconfinement of Plants""; ""4 Bioconfinement of Animals: Fish, Shellfish, and Insects""; ""5 Bioconfinement of Viruses, Bacteria, and Other Microbes""; ""6 Biological and Operational Considerations for Bioconfinement""; ""References""; ""About the Authors""; ""Board on Agriculture and Natural Resources Publications""; ""Index"" 606 $aTransgenic organisms$xSafety measures 606 $aConfinement farms 606 $aAgricultural biotechnology 606 $aInfertility in animals 606 $aTransgenic organisms$xRisk assessment 615 0$aTransgenic organisms$xSafety measures. 615 0$aConfinement farms. 615 0$aAgricultural biotechnology. 615 0$aInfertility in animals. 615 0$aTransgenic organisms$xRisk assessment. 676 $a577/.18 712 02$aNational Research Council (U.S.).$bCommittee on Biological Confinement of Genetically Engineered Organisms. 801 0$bMiAaPQ 801 1$bMiAaPQ 801 2$bMiAaPQ 906 $aBOOK 912 $a9910780331703321 996 $aBiological confinement of genetically engineered organisms$93840688 997 $aUNINA